000 00495nab a2200145Ia 4500
003 ES-SlBCS
005 20210601133027.0
008 140529s1997 xxu||||| |||| 00| 0 ita d
041 _aita
100 1 _aLachmann, Rolf
_9157659
245 0 0 _aFrom Metaphysics to Art and Back. The Relevance of Susanne K. Langer's Philosophy of Process Metaphysics
_c Rolf Lachmann
600 1 4 _aLanger, Susana
_9157664
773 0 _tProcess Studies
_gvol. 26, nº. 1-2, 1997, págs. 107-125
_wRev838
942 _cAR
999 _c589505
_d589505